书目信息 |
| 题名: |
侵犯社会法益的犯罪研究
|
|
| 作者: | 李永升 主编 | |
| 分册: | ||
| 出版信息: | 北京 法律出版社 2014 |
|
| 页数: | 639页 | |
| 开本: | 21cm | |
| 丛书名: | 西南政法大学刑法学术文库 | |
| 单 册: | ||
| 中图分类: | D924.304 | |
| 科图分类: | ||
| 主题词: | 刑事犯罪--Xing Shi Fan Zui--研究--中国 | |
| 电子资源: | ||
| ISBN: | 978-7-5118-6827-5 | |
| 000 | 00952nam0 22002531 450 | |
| 001 | 0101082459 | |
| 005 | 20161201102903.87 | |
| 010 | @a978-7-5118-6827-5@dCNY49.00 | |
| 100 | @a20141104d2014 em y0chiy50 ea | |
| 101 | 0 | @achi |
| 102 | @aCN@b110000 | |
| 105 | @ay z 000yy | |
| 106 | @ar | |
| 200 | 1 | @a侵犯社会法益的犯罪研究@AQin Fan She Hui Fa Yi De Fan Zui Yan Jiu@f李永升主编 |
| 210 | @a北京@c法律出版社@d2014 | |
| 215 | @a639页@d21cm | |
| 225 | 2 | @a西南政法大学刑法学术文库@AXi Nan Zheng Fa Da Xue Xing Fa Xue Shu Wen Ku |
| 330 | @a本书共6章,主要论述了危害公共安全罪、破坏社会主义市场经济秩序罪、妨害社会管理秩序罪、贪污贿赂罪、渎职罪等罪中的个罪的概念、法源、构成特征、司法适用。 | |
| 461 | 0 | @12001 @a西南政法大学刑法学术文库 |
| 606 | 0 | @a刑事犯罪@AXing Shi Fan Zui@x研究@y中国 |
| 690 | @aD924.304@v5 | |
| 701 | 0 | @a李永升@ALi Yong Sheng@f(1964~)@4主编 |
| 801 | 0 | @aCN@bTANGWEI@c20161128 |
| 905 | @b0951787-91@dD924.304@e636@f5 | |
| 侵犯社会法益的犯罪研究/李永升主编.-北京:法律出版社,2014 |
| 639页;21cm.-(西南政法大学刑法学术文库) |
| ISBN 978-7-5118-6827-5:CNY49.00 |
| 本书共6章,主要论述了危害公共安全罪、破坏社会主义市场经济秩序罪、妨害社会管理秩序罪、贪污贿赂罪、渎职罪等罪中的个罪的概念、法源、构成特征、司法适用。 |
| ● |
| 相关链接 |
|
|
|
|
正题名:侵犯社会法益的犯罪研究
索取号:D924.304/636
 
预约/预借
| 序号 | 登录号 | 条形码 | 馆藏地/架位号 | 状态 | 备注 |
| 1 | 0951787 | 209517879 | 第一样本阅览室/ [索取号:D924.304/636] | 在馆 | |
| 2 | 0951788 | 209517888 | 第一借阅区/ [索取号:D924.304/636] | 在馆 | |
| 3 | 0951789 | 209517897 | 第一借阅区/ [索取号:D924.304/636] | 在馆 | |
| 4 | 0951790 | 209517904 | 第一借阅区/ [索取号:D924.304/636] | 在馆 | |
| 5 | 0951791 | 209517913 | 密集书库-史法系/ [索取号:D924.304/636] | 在馆 |